000 01215nam a22003377a 4500
003 CHAP
005 20220329135540.0
008 971013s1979 r 00010 d
010 _a38319
011 _a39291
035 _a43411
040 _cCHAP
090 _aTesis
100 0 0 _aPedraza Martínez, Félix Alberto.
_986540
245 _aEfecto del compuesto diflubenzuron en la viabilidad de larvas y fertilidad de adultos de tres líneas de Musca domestica Linné
260 _a(Monterrey, N.L.) :
_bEl autor,
_c1979
300 _a111 h.
_b: ilus. ; gráfs.
502 _aTesis (M.C. Esp. en Parasitología Agrícola) -- ITESM. Div. de Ciencias Agropecuarias y Marítimas
590 _aALEPH
_b10
_c20130110
_lUCH01
_h1304
590 _aBATCH-UPD
_b10
_c20130110
_lUCH01
_h0337
590 _aBATCH-UPD
_b10
_c20130110
_lUCH01
_h1733
590 _aBATCH-UPD
_b10
_c20130410
_lUCH01
_h1512
590 _aBATCH-UPD
_b10
_c20130914
_lUCH01
_h1325
590 _aCONVERSION
_b10
_c20130109
_lUCH01
_h1321
650 1 4 _aEsterilidad en insectos.
_938291
650 1 4 _aInsecticidas
_xToxicidad.
_958882
650 1 4 _aMusca domestica.
_979867
901 _aBK
942 _cTESIS
949 _bBC
_cTES
_d-99473
_eTS1
_i43411
_si
999 _c38319
_d38319